| 000 | 00922nam a2200277 a 4500 | ||
|---|---|---|---|
| 001 | 33165 | ||
| 003 | BD-RjUL | ||
| 005 | 20211209051947.0 | ||
| 008 | 140430s1933 enk 000 0 eng d | ||
| 035 |
_aOCLC ocm00289617 from D961004M _a(BD-RjUL)33256 |
||
| 040 |
_aKSU _cKSU _dBD-RjUL _beng |
||
| 041 | _aeng | ||
| 082 |
_a658.402 _bSAF 1933 |
||
| 100 | 1 |
_aSalter, Arthur _d1881-1975 _9100733 |
|
| 245 | 1 | 4 |
_aThe framework of an ordered society / _cby Sir Arthur Salter |
| 260 |
_aCambridge : _bThe University Press, _c1933. |
||
| 300 |
_a57 p. ; _c20 cm. |
||
| 500 | _a"First Alfred Marshall lectures, delivered at Cambridge on February 22, 23, and 24, 1933" --Prefatory note. | ||
| 650 | 0 |
_aIndustrial organization _9100734 |
|
| 650 | 0 |
_aIndustrial policy. _9100735 |
|
| 650 | 0 |
_aEconomic councils. _9100736 |
|
| 650 | 0 |
_aEconomic policy. _9100737 |
|
| 942 |
_2ddc _cBK |
||
| 999 |
_c33165 _d33165 |
||